Open Data Biblioteca Nacional de Portugal


República Portuguesa: Ministério da Cultura
Biblioteca Nacional de Portugal

Catálogo da BNP: acesso por Identificadores Unívocos
Registos Bibliográficos associados ao registo de autoridade

Etiqueta de registo: 00254nam 2200025 450
001 2284438
003 http://id.bnportugal.gov.pt/bib/catbnp/2284438
100 ## $a20260415d2026 k y0pory01030103ba
101 0# $aeng$dpor
102 ## $aPT
105 ## $aa m 000yy
106 ## $ar
200 1# $aIn vitro and in vivo studies of antimicrobial peptide B1CTcu5 analogs encapsulated in colon-specific microparticles against Mycobacterium tuberculosis$fCesar Augusto Roque Borda$gsupervisor Fernando Rogério Pavan, João Perdigão
210 #9 $aLisboa$c[s.n.],$d2026
215 ## $a352 p.$cil.$d30 cm
300 ## $aAcesso não autorizado pelo autor por um período de 3 anos
328 #1 $aTese dout. Sciences (Biotechnology, Pharmacy, Microbiology), Faculdade de Ciências Farmacêuticas Câmpus Araraquara, Universidade Estadual "Júlio de Mesquita Filho", Faculdade de Farmácia da Universidade de Lisboa, 2026
675 ## $a60(043)$vBN$zpor$31376044
700 #1 $aBorda,$bCesar Augusto Roque$31995755
702 #1 $aPavan,$bFernando Rogério$4727$31995757
702 #1 $aPerdigão,$bJoão Ruben Lucas,$f1983-$4727$31449919
801 #0 $aPT$bBN$gRPC
966 ## $lBN$mFGMON$sS.A. 193934 V.$x1
971 ## $cabrito$d20260415
973 ## $cigoulao$d20260520
975 ## $e0$d20260528$viquintas

OpendataBNP@bnportugal.pt | Mais informação sobre acesso aos dados BNP